000 00277nam a2200109Ia 4500
008 200302s9999 xx 000 0 und d
100 _aJean Louis Cohen
245 _aLe Corbusier An Atlas of Modern Landscapes
260 _bThomes & Hudson.com
260 _c2013
300 _a401
999 _c3388
_d3388